[Event "Asian Nation Cup Women 2018"]
[Site "Hamedan"]
[Date "2018.07.28"]
[Round "1"]
[White "Wang, Jue"]
[Black "Pham, Le Thao Nguyen"]
[Result "1/2-1/2"]
[WhiteElo "2377"]
[BlackElo "2334"]
[Annotator "NA"]
[PlyCount "81"]
[EventDate "2018.07.27"]
[EventType "swiss"]
[EventCountry "IRI"]
[SourceTitle "playchess.com"]
[Source "ChessBase"]
[SourceQuality "1"]
[WhiteTeam "China"]
[BlackTeam "Vietnam"]
[WhiteTeamCountry "CHN"]
[BlackTeamCountry "VIE"]
[TimeControl "40/5400+30:1800+30"]

1. e4 {[%emt 0:00:00]} e5 {[%emt 0:00:20]} 2. Nf3 {[%emt 0:00:00]} Nc6 {[%emt 0:00:21]} 3. Bc4 {[%emt 0:00:14]} Bc5 {[%emt 0:00:31]} 4. O-O Nf6 {[%emt 0:00:43]} 5. d3 {[%emt 0:00:38]} O-O {[%emt 0:00:50]} 6. h3 {[%emt 0:02:43]} d6 {[%emt 0:02:42]} 7. c3 {[%emt 0:00:17]} a6 {[%emt 0:00:48]} 8. Bb3 {[%emt 0:00:40]} Ba7 {[%emt 0:02:28]} 9. Nbd2 {[%emt 0:00:13]} Ne7 {[%emt 0:03:59]} 10. Re1 {[%emt 0:00:10]} Ng6 {[%emt 0:01:26]} 11. Nf1 {[%emt 0:00:32]} Be6 {[%emt 0:14:03]} 12. Bc2 {[%emt 0:12:52]} Qc8 {[%emt 0:05:04]} 13. d4 {[%emt 0:05:36]} Nh5 14. Ne3 {[%emt 0:10:04]} Nhf4 {[%emt 0:18:51]} 15. Nf5 {[%emt 0:00:43]} Re8 {[%emt 0:01:00]} 16. g3 Nxh3+ {[%emt 0:07:19]} 17. Kg2 {[%emt 0:23:12]} d5 {[%emt 0:03:07]} 18. N3h4 {[%emt 0:19:06]} dxe4 {[%emt 0:12:34]} 19. Bxe4 {[%emt 0:00:55]} exd4 {[%emt 0:02:17]} 20. Qf3 {[%emt 0:04:39]} Qd7 {[%emt 0:07:59]} 21. Kxh3 d3 {[%emt 0:05:15]} 22. Rd1 {[%emt 0:14:46]} Ne5 {[%emt 0:06:02]} 23. Qg2 {[%emt 0:00:03]} h5 {[%emt 0:00:59]} 24. f3 g6 {[%emt 0:01:05]} 25. g4 {[%emt 0:02:29]} Kh7 {[%emt 0:00:36]} 26. Bf4 {[%emt 0:01:54]} Bd5 {[%emt 0:01:02]} 27. Bxe5 {[%emt 0:01:01]} Bxe4 {[%emt 0:00:25]} 28. Ng3 {[%emt 0:00:40]} hxg4+ {[%emt 0:00:34]} 29. Kh2 {[%emt 0:00:11]} Bxf3 {[%emt 0:01:46]} 30. Nxf3 {[%emt 0:00:16]} gxf3 {[%emt 0:00:01]} 31. Ne4 {[%emt 0:00:20]} fxg2 {[%emt 0:00:56]} 32. Nf6+ {[%emt 0:00:03]} Kh6 {[%emt 0:00:15]} 33. Nxd7 {[%emt 0:00:03]} Rad8 {[%emt 0:00:57]} 34. Rxd3 {[%emt 0:01:54]} g1=Q+ {[%emt 0:00:09]} 35. Rxg1 {[%emt 0:00:01]} Bxg1+ {[%emt 0:00:02]} 36. Kxg1 {[%emt 0:00:02]} Rxd7 {[%emt 0:00:36]} 37. Bf4+ {[%emt 0:00:01]} g5 {[%emt 0:00:07]} 38. Bxg5+ {[%emt 0:00:01]} Kxg5 {[%emt 0:00:12]} 39. Rxd7 {[%emt 0:00:01]} f5 {[%emt 0:00:22]} 40. Rxc7 {[%emt 0:00:29]} b5 {[%emt 0:30:34]} 41. Kf2 {[%emt 0:32:12]} 1/2-1/2

[Event "Asian Nation Cup Women 2018"]
[Site "Hamedan"]
[Date "2018.07.28"]
[Round "1"]
[White "Hoang, Thi Bao Tram"]
[Black "Lei, Tingjie"]
[Result "0-1"]
[WhiteElo "2364"]
[BlackElo "2473"]
[Annotator "ChessBase"]
[PlyCount "120"]
[EventDate "2018.07.27"]
[EventType "swiss"]
[EventCountry "IRI"]
[SourceTitle "playchess.com"]
[Source "ChessBase"]
[SourceQuality "1"]
[WhiteTeam "Vietnam"]
[BlackTeam "China"]
[WhiteTeamCountry "VIE"]
[BlackTeamCountry "CHN"]
[TimeControl "40/5400+30:1800+30"]

1. d4 {[%emt 0:00:00]} Nf6 {[%emt 0:00:24]} 2. c4 {[%emt 0:00:22]} e6 3. Nc3 {[%emt 0:00:52]} Bb4 {[%emt 0:01:10]} 4. e3 {[%emt 0:02:14]} O-O {[%emt 0:00:27]} 5. Bd3 {[%emt 0:01:58]} d5 {[%emt 0:01:10]} 6. Nf3 {[%emt 0:00:53]} c5 {[%emt 0:00:45]} 7. O-O {[%emt 0:00:24]} cxd4 {[%emt 0:02:29]} 8. exd4 {[%emt 0:00:15]} dxc4 {[%emt 0:00:17]} 9. Bxc4 {[%emt 0:00:07]} b6 {[%emt 0:01:23]} 10. Bg5 {[%emt 0:00:49]} Bb7 {[%emt 0:03:28]} 11. Qd3 {[%emt 0:01:08]} Nbd7 {[%emt 0:03:48]} 12. a3 {[%emt 0:03:32]} Bxc3 {[%emt 0:04:33]} 13. bxc3 {[%emt 0:00:34]} Qc7 {[%emt 0:00:20]} 14. Ba2 {[%emt 0:05:15]} Be4 {[%emt 0:12:02]} 15. Qe3 {[%emt 0:02:01]} Bd5 {[%emt 0:00:15]} 16. Bb1 {[%emt 0:16:39]} Rac8 {[%emt 0:00:56]} 17. Rc1 Rfe8 {[%emt 0:06:17]} 18. Ne5 {[%emt 0:21:17]} Nxe5 {[%emt 0:02:40]} 19. dxe5 {[%emt 0:00:21]} Nd7 {[%emt 0:00:12]} 20. Bf4 {[%emt 0:01:41]} Qc6 {[%emt 0:06:50]} 21. Qg3 Be4 {[%emt 0:10:02]} 22. h4 {[%emt 0:04:35]} Kh8 {[%emt 0:07:59]} 23. Rd1 {[%emt 0:08:23]} Nc5 {[%emt 0:03:27]} 24. c4 {[%emt 0:08:11]} Bxb1 {[%emt 0:09:35]} 25. Raxb1 {[%emt 0:00:31]} Qe4 {[%emt 0:00:04]} 26. h5 {[%emt 0:02:13]} h6 {[%emt 0:00:31]} 27. Qe3 Qxe3 {[%emt 0:09:41]} 28. Bxe3 {[%emt 0:02:39]} Re7 {[%emt 0:00:09]} 29. Rbc1 {[%emt 0:07:10]} Rec7 {[%emt 0:06:14]} 30. Bxc5 {[%emt 0:03:11]} Rxc5 {[%emt 0:00:02]} 31. Rd7 {[%emt 0:00:16]} Kg8 {[%emt 0:02:16]} 32. Rxa7 {[%emt 0:00:52]} Rxe5 {[%emt 0:00:03]} 33. g4 {[%emt 0:07:00]} Rg5 {[%emt 0:05:22]} 34. f3 {[%emt 0:00:29]} f5 {[%emt 0:01:38]} 35. Rd1 {[%emt 0:00:44]} e5 {[%emt 0:00:26]} 36. Kf2 {[%emt 0:00:48]} fxg4 {[%emt 0:00:06]} 37. fxg4 {[%emt 0:00:14]} Rxg4 {[%emt 0:00:07]} 38. Rd6 {[%emt 0:00:41]} Rgxc4 {[%emt 0:01:31]} 39. Rxb6 {[%emt 0:00:14]} Rf8+ {[%emt 0:00:00]} 40. Ke2 {[%emt 0:00:30]} Rc2+ {[%emt 0:06:12]} 41. Ke3 {[%emt 0:30:30]} Rh2 {[%emt 0:00:30]} 42. Rbb7 {[%emt 0:00:30]} Rf4 {[%emt 0:00:30]} 43. Kd3 {[%emt 0:00:00]} Rg4 44. Re7 {[%emt 0:00:00]} Rxh5 {[%emt 0:01:52]} 45. Ke2 {[%emt 0:00:00]} e4 {[%emt 0:07:34]} 46. a4 {[%emt 0:00:00]} Rh3 {[%emt 0:03:22]} 47. a5 {[%emt 0:00:00]} Ra3 {[%emt 0:03:48]} 48. a6 {[%emt 0:00:00]} Rg6 {[%emt 0:03:07]} 49. Kf2 {[%emt 0:00:00]} Kh7 {[%emt 0:01:11]} 50. Ke2 {[%emt 0:00:00]} h5 {[%emt 0:01:35]} 51. Re5 {[%emt 0:01:05]} Rg2+ {[%emt 0:04:08]} 52. Kf1 {[%emt 0:00:43]} Rh2 {[%emt 0:00:02]} 53. Kg1 {[%emt 0:01:32]} Rb2 {[%emt 0:00:03]} 54. Rf7 {[%emt 0:00:14]} Rxa6 {[%emt 0:00:34]} 55. Rf1 {[%emt 0:00:55]} Kh6 {[%emt 0:01:31]} 56. Rxe4 {[%emt 0:00:14]} Raa2 {[%emt 0:00:13]} 57. Rd1 {[%emt 0:00:34]} Rg2+ {[%emt 0:00:04]} 58. Kh1 {[%emt 0:00:35]} Rh2+ {[%emt 0:00:26]} 59. Kg1 {[%emt 0:00:06]} Rag2+ {[%emt 0:00:04]} 60. Kf1 {[%emt 0:00:05]} Rh1+ {[%emt 0:00:06]} 0-1

[Event "Asian Nation Cup Women 2018"]
[Site "Hamedan"]
[Date "2018.07.28"]
[Round "1"]
[White "Nakhbayeva, Guliskhan"]
[Black "Yaghy, Ritta"]
[Result "1-0"]
[WhiteElo "2352"]
[BlackElo "1753"]
[Annotator "NA"]
[PlyCount "107"]
[EventDate "2018.07.27"]
[EventType "swiss"]
[EventCountry "IRI"]
[SourceTitle "playchess.com"]
[Source "ChessBase"]
[SourceQuality "1"]
[WhiteTeam "KAZ"]
[BlackTeam "SYR"]
[WhiteTeamCountry "KAZ"]
[TimeControl "40/5400+30:1800+30"]

1. e4 {[%emt 1:15:12]} c6 {[%emt 1:16:02]} 2. d4 {[%emt 0:00:22]} d5 {[%emt 0:00:21]} 3. Nc3 {[%emt 0:00:24]} dxe4 4. Nxe4 {[%emt 0:00:21]} Bf5 {[%emt 0:00:42]} 5. Ng3 {[%emt 0:00:22]} Bg6 {[%emt 0:00:21]} 6. h4 {[%emt 0:00:21]} h6 {[%emt 0:00:20]} 7. Nf3 {[%emt 0:00:23]} Nd7 {[%emt 0:00:21]} 8. h5 {[%emt 0:00:25]} Bh7 {[%emt 0:00:21]} 9. Bd3 {[%emt 0:00:21]} Bxd3 {[%emt 0:00:21]} 10. Qxd3 {[%emt 0:00:22]} e6 {[%emt 0:00:21]} 11. Bd2 {[%emt 0:00:29]} Ngf6 {[%emt 0:00:23]} 12. O-O-O {[%emt 0:00:29]} Qc7 {[%emt 0:00:21]} 13. Ne4 {[%emt 0:00:29]} Nxe4 {[%emt 0:00:22]} 14. Qxe4 {[%emt 0:00:22]} Nf6 {[%emt 0:00:21]} 15. Qe2 {[%emt 0:00:28]} a6 {[%emt 0:01:09]} 16. Ne5 {[%emt 0:01:39]} Rd8 {[%emt 0:01:20]} 17. Bf4 {[%emt 0:01:38]} Bd6 {[%emt 0:01:53]} 18. Kb1 {[%emt 0:03:26]} Nd5 {[%emt 0:03:53]} 19. Bd2 {[%emt 0:00:24]} b5 {[%emt 0:01:24]} 20. f4 {[%emt 0:02:53]} c5 {[%emt 0:05:03]} 21. dxc5 {[%emt 0:00:23]} Qxc5 {[%emt 0:01:10]} 22. f5 {[%emt 0:03:04]} Nc7 {[%emt 0:04:02]} 23. Bc3 {[%emt 0:01:25]} O-O {[%emt 0:00:56]} 24. Bd4 {[%emt 0:01:38]} Qd5 {[%emt 0:00:43]} 25. f6 {[%emt 0:00:42]} Bxe5 {[%emt 0:00:39]} 26. Bxe5 {[%emt 0:00:29]} Qc5 {[%emt 0:00:29]} 27. Qg4 {[%emt 0:01:33]} Rxd1+ {[%emt 0:00:28]} 28. Rxd1 {[%emt 0:00:22]} Ne8 {[%emt 0:00:21]} 29. fxg7 {[%emt 0:00:27]} Qxe5 {[%emt 0:00:31]} 30. gxf8=Q+ {[%emt 0:00:33]} Kxf8 {[%emt 0:00:21]} 31. a4 {[%emt 0:00:32]} Nd6 {[%emt 0:00:42]} 32. Qb4 {[%emt 0:01:11]} Ke7 {[%emt 0:00:30]} 33. axb5 {[%emt 0:00:25]} axb5 {[%emt 0:00:22]} 34. g4 {[%emt 0:01:14]} f6 {[%emt 0:00:34]} 35. Qa3 {[%emt 0:00:41]} f5 {[%emt 0:00:42]} 36. gxf5 {[%emt 0:02:09]} exf5 {[%emt 0:00:21]} 37. Qa7+ {[%emt 0:00:27]} Ke6 {[%emt 0:00:37]} 38. b3 {[%emt 0:00:28]} Ne4 {[%emt 0:00:31]} 39. Qd7+ {[%emt 0:00:40]} Kf6 {[%emt 0:00:21]} 40. Qd8+ {[%emt 0:00:21]} Ke6 {[%emt 0:30:31]} 41. Qe8+ {[%emt 0:30:22]} Kf6 {[%emt 0:00:25]} 42. Qh8+ {[%emt 0:00:28]} Ke6 {[%emt 0:00:22]} 43. Qxh6+ {[%emt 0:00:27]} Ke7 {[%emt 0:00:45]} 44. Qh7+ {[%emt 0:00:21]} Kf6 {[%emt 0:00:31]} 45. Qh8+ {[%emt 0:00:23]} Ke6 {[%emt 0:00:21]} 46. Qe8+ {[%emt 0:00:23]} Kf6 {[%emt 0:00:22]} 47. Qh8+ {[%emt 0:00:44]} Ke6 {[%emt 0:00:21]} 48. Qe8+ {[%emt 0:00:30]} Kf6 {[%emt 0:00:21]} 49. Qxe5+ Kxe5 50. Rh1 {[%emt 0:01:17]} Ng5 {[%emt 0:01:14]} 51. h6 {[%emt 0:00:21]} Nh7 {[%emt 0:00:22]} 52. Rg1 {[%emt 0:00:28]} f4 {[%emt 0:00:55]} 53. Rg7 {[%emt 0:00:25]} Nf6 {[%emt 0:00:21]} 54. h7 {[%emt 0:00:22]} 1-0

[Event "Asian Nation Cup Women 2018"]
[Site "Hamedan"]
[Date "2018.07.28"]
[Round "1"]
[White "Zhai, Mo"]
[Black "Nguyen, Thi Mai Hung"]
[Result "1/2-1/2"]
[WhiteElo "2350"]
[BlackElo "2226"]
[Annotator "NA"]
[PlyCount "127"]
[EventDate "2018.07.27"]
[EventType "swiss"]
[EventCountry "IRI"]
[SourceTitle "playchess.com"]
[Source "ChessBase"]
[SourceQuality "1"]
[WhiteTeam "CHN"]
[BlackTeam "VIE"]
[TimeControl "40/5400+30:1800+30"]

1. d4 {[%emt 0:00:00]} Nf6 {[%emt 0:00:08]} 2. c4 {[%emt 0:00:00]} g6 {[%emt 0:00:09]} 3. Nf3 {[%emt 0:00:54]} Bg7 4. Bf4 {[%emt 0:01:39]} O-O {[%emt 0:03:35]} 5. e3 $11 {[%emt 0:01:14] LiveBook: 29 Games} d5 {[%emt 0:03:59]} 6. Nbd2 {[%emt 0:05:05]} c5 {[%emt 0:02:45]} 7. cxd5 {[%emt 0:10:30]} Nxd5 {[%emt 0:03:01]} 8. Be5 {[%emt 0:00:23]} Bxe5 {[%emt 0:05:06]} 9. dxe5 {[%emt 0:00:49]} Nc6 {[%emt 0:00:20]} 10. Bb5 {[%emt 0:01:48]} Ndb4 {[%emt 0:05:54]} 11. O-O {[%emt 0:02:27]} a6 {[%emt 0:02:40]} 12. Bxc6 {[%emt 0:03:39]} Nxc6 {[%emt 0:00:11]} 13. Qc2 {[%emt 0:00:30]} b6 {[%emt 0:02:05]} 14. Qe4 {[%emt 0:06:32]} Qc7 15. Rac1 Bb7 {[%emt 0:15:06]} 16. Qf4 {[%emt 0:17:26]} Kg7 {[%emt 0:03:35]} 17. a3 {[%emt 0:01:44]} Rad8 {[%emt 0:04:04]} 18. Ne4 Qc8 {[%emt 0:10:40]} 19. Rc3 {[%emt 0:09:25]} h6 {[%emt 0:07:06]} 20. Rb3 {[%emt 0:16:06]} Na5 {[%emt 0:07:22]} 21. Rc3 {[%emt 0:00:07]} Qe6 {[%emt 0:02:17]} 22. Ned2 {[%emt 0:03:53]} Nc6 {[%emt 0:03:41]} 23. h4 Rd7 {[%emt 0:06:59]} 24. h5 {[%emt 0:07:49]} gxh5 {[%emt 0:03:14]} 25. Ne4 {[%emt 0:02:59]} Rd5 {[%emt 0:04:05]} 26. Ng3 {[%emt 0:03:51]} Nxe5 {[%emt 0:00:55]} 27. Nf5+ {[%emt 0:00:18]} Kh7 28. N3h4 {[%emt 0:01:22]} Rg8 {[%emt 0:03:26]} 29. e4 {[%emt 0:01:26]} Rd7 {[%emt 0:00:23]} 30. Nxh6 {[%emt 0:01:05]} Qxh6 {[%emt 0:00:58]} 31. Qf5+ {[%emt 0:00:57]} Kh8 {[%emt 0:01:32]} 32. Qxe5+ {[%emt 0:00:09]} f6 {[%emt 0:00:07]} 33. Qe6 {[%emt 0:01:03]} Bc8 {[%emt 0:00:43]} 34. Nf5 {[%emt 0:00:56]} Qh7 {[%emt 0:00:14]} 35. Qxb6 {[%emt 0:00:17]} Rb7 {[%emt 0:00:43]} 36. Qxc5 {[%emt 0:00:40]} Bxf5 {[%emt 0:00:19]} 37. exf5 {[%emt 0:00:39]} Rb5 {[%emt 0:00:43]} 38. Qc7 {[%emt 0:00:39]} Rxf5 {[%emt 0:00:16]} 39. Rg3 {[%emt 0:00:23]} Rxg3 {[%emt 0:00:00]} 40. Qxg3 {[%emt 0:00:30]} Rg5 {[%emt 0:09:13]} 41. Qh3 {[%emt 0:30:30]} a5 {[%emt 0:00:30]} 42. Rc1 {[%emt 0:00:30]} Qf5 {[%emt 0:00:30]} 43. Qf3 {[%emt 0:00:00]} Qd5 {[%emt 0:04:50]} 44. Qxd5 {[%emt 0:00:00]} Kh7 45. Rc8 {[%emt 0:00:00]} Rxd5 {[%emt 0:00:18]} 46. Rc7 {[%emt 0:00:00]} Rd1+ {[%emt 0:03:27]} 47. Kh2 {[%emt 0:00:00]} Rd2 {[%emt 0:01:43]} 48. Rxe7+ {[%emt 0:00:00]} Kg6 {[%emt 0:00:06]} 49. Rb7 {[%emt 0:00:00]} Rxf2 {[%emt 0:00:28]} 50. b3 {[%emt 0:00:00]} Rc2 {[%emt 0:03:02]} 51. a4 {[%emt 0:00:00]} Rc3 {[%emt 0:03:28]} 52. Rb5 {[%emt 0:00:00]} h4 {[%emt 0:00:37]} 53. Kh1 {[%emt 0:01:03]} f5 {[%emt 0:00:16]} 54. Kh2 {[%emt 0:00:26]} Kg5 {[%emt 0:00:12]} 55. Rxa5 {[%emt 0:00:42]} Rxb3 {[%emt 0:00:04]} 56. Ra8 {[%emt 0:00:09]} Ra3 {[%emt 0:00:17]} 57. a5 {[%emt 0:00:11]} Kf4 {[%emt 0:04:40]} 58. a6 {[%emt 0:00:29]} h3 {[%emt 0:02:34]} 59. gxh3 {[%emt 0:01:11]} Kf3 {[%emt 0:00:07]} 60. a7 {[%emt 0:00:30]} Ra2+ {[%emt 0:00:09]} 61. Kg1 {[%emt 0:00:08]} Ra1+ {[%emt 0:00:16]} 62. Kh2 {[%emt 0:00:05]} Ra2+ {[%emt 0:00:16]} 63. Kg1 {[%emt 0:00:03]} Ra1+ {[%emt 0:00:15]} 64. Kh2 {[%emt 0:00:03]} 1/2-1/2

[Event "Asian Nation Cup Women 2018"]
[Site "Hamedan"]
[Date "2018.07.28"]
[Round "1"]
[White "Nguyen, Thi Thanh An"]
[Black "Guo, Qi"]
[Result "1/2-1/2"]
[WhiteElo "2257"]
[BlackElo "2361"]
[Annotator "NA"]
[PlyCount "55"]
[EventDate "2018.07.27"]
[EventType "swiss"]
[EventCountry "IRI"]
[SourceTitle "playchess.com"]
[Source "ChessBase"]
[SourceQuality "1"]
[WhiteTeam "Vietnam"]
[BlackTeam "China"]
[WhiteTeamCountry "VIE"]
[BlackTeamCountry "CHN"]
[TimeControl "40/5400+30:1800+30"]

1. d4 {[%emt 0:00:00]} d5 {[%emt 0:00:00]} 2. c4 {[%emt 0:00:52]} e6 {[%emt 0:00:19]} 3. Nc3 {[%emt 0:00:16]} Bb4 {[%emt 0:00:39]} 4. cxd5 {[%emt 0:00:09]} exd5 {[%emt 0:00:08]} 5. Bf4 {[%emt 0:03:26]} c6 {[%emt 0:00:29]} 6. e3 {[%emt 0:01:40]} Bf5 {[%emt 0:00:34]} 7. Bd3 {[%emt 0:02:50]} Bxd3 {[%emt 0:00:16]} 8. Qxd3 {[%emt 0:01:13]} Bd6 {[%emt 0:02:32]} 9. Bxd6 {[%emt 0:00:07]} Qxd6 {[%emt 0:00:09]} 10. Nf3 {[%emt 0:00:23]} Nf6 {[%emt 0:00:10]} 11. O-O {[%emt 0:00:04]} O-O {[%emt 0:00:06]} 12. Rab1 {[%emt 0:00:51]} a5 {[%emt 0:04:13]} 13. Qf5 {[%emt 0:15:32]} Qe7 {[%emt 0:04:16]} 14. Rfc1 {[%emt 0:00:43]} Nbd7 {[%emt 0:02:46]} 15. Ng5 {[%emt 0:03:31]} Ne8 {[%emt 0:12:42]} 16. a3 {[%emt 0:00:30]} Ndf6 {[%emt 0:00:30]} 17. Na4 {[%emt 0:00:30]} Nd6 {[%emt 0:00:31]} 18. Qe5 {[%emt 0:06:49]} Qd8 {[%emt 0:08:27]} 19. Nc5 {[%emt 0:00:30]} Nc4 {[%emt 0:05:05]} 20. Qf5 {[%emt 0:10:38]} Qe7 {[%emt 0:16:55]} 21. Rxc4 {[%emt 0:10:57]} dxc4 {[%emt 0:00:07]} 22. Nce4 {[%emt 0:02:44]} Rfd8 {[%emt 0:01:21]} 23. Nxf6+ {[%emt 0:00:05]} Qxf6 {[%emt 0:00:05]} 24. Qxh7+ {[%emt 0:00:03]} Kf8 {[%emt 0:07:33]} 25. Qh5 Kg8 {[%emt 0:00:00]} 26. Qh7+ {[%emt 0:05:38]} Kf8 {[%emt 0:00:00]} 27. Qh5 Kg8 {[%emt 0:01:42]} 28. Qh7+ {[%emt 0:00:12]} 1/2-1/2

[Event "Asian Nation Cup Women 2018"]
[Site "Hamedan"]
[Date "2018.07.29"]
[Round "2"]
[White "Abdumalik, Zhansaya"]
[Black "Pham, Le Thao Nguyen"]
[Result "1/2-1/2"]
[WhiteElo "2488"]
[BlackElo "2334"]
[Annotator "TA"]
[PlyCount "137"]
[EventDate "2018.07.27"]
[EventType "swiss"]
[EventCountry "IRI"]
[SourceTitle "playchess.com"]
[Source "ChessBase"]
[SourceQuality "1"]
[WhiteTeam "Uzbekistan"]
[BlackTeam "Iran"]
[WhiteTeamCountry "UZB"]
[BlackTeamCountry "IRI"]

{[%evp 18,137,19,22,27,27,18,0,15,0,13,16,11,15,14,11,29,0,36,38,35,-16,-22,-67,4,0,0,0,4,3,16,15,29,31,38,34,35,33,62,65,52,37,75,25,51,45,39,47,41,0,2,0,0,0,0,0,0,-6,-12,-9,0,0,8,15,22,8,18,-11,-8,-44,62,11,53,46,115,129,129,8,8,8,31,31,31,0,0,0,0,0,0,0,0,0,0,0,0,0,16,15,14,0,13,-8,-8,-87,0,0,0,0,0,0,0,0,0,0,0,-8,-8,-8,-8,-8,0,0]} 1. e4 e5 2. Nf3 Nc6 3. Bb5 Nf6 4. d3 Bc5 5. c3 d6 (5... O-O 6. O-O Re8 7. Nbd2 a6 8. Bxc6 dxc6 9. Nc4 Nd7 10. b4 Bf8 11. a4 b5 12. Na5 Qf6 13. Be3 Nb6 14. axb5 cxb5 {1-0 (58) Caruana,F (2816)-Nakamura,H (2769) Leuven 2018}) 6. O-O {C65: Ruy Lopez: Berlin Defence (3...Nf6), unusual lines and 4 0-0 Bc5} Bd7 7. h3 a6 8. Ba4 O-O 9. Re1 Ba7 10. Nbd2 {[%cal Bb1d2,Bd2f1,Bf1g3,Bg3f5][%mdl 32] LiveBook: 10 Games} Ne7 11. Bc2 Ng6 12. Nf1 Re8 13. Ng3 h6 {[#]} 14. d4 $146 c5 15. dxe5 dxe5 16. Nf5 Be6 17. Be3 c4 18. Bxa7 Rxa7 19. Qc1 (19. Qxd8 $14 Rxd8 20. Rad1) 19... Qc7 20. a4 a5 (20... Nf4 $15) 21. g3 Raa8 22. Qe3 Red8 23. Red1 b6 24. Kg2 Nd7 25. Qe2 Nf6 26. Nh2 Rxd1 27. Rxd1 Rd8 28. Rxd8+ Qxd8 29. Nf3 Qc7 30. h4 Kf8 31. Nd2 Ne8 $1 32. Ne3 {[%cal Rd2c4]} Nd6 33. h5 Ne7 34. f4 f6 35. Qf2 {[#] fxe5 is the strong threat.} (35. Nf3 {feels hotter.} Qc5 36. fxe5 fxe5 37. Qf2 Nf7 38. Bb1) 35... Qc5 36. Nd1 Qxf2+ 37. Nxf2 Nc6 38. Nd1 Ke7 39. Ne3 Nd8 40. Nf3 Nc6 41. Nd5+ Kd8 42. fxe5 Nxe5 43. Nf4 Nxf3 ({Black should try} 43... Bg4 $15 44. Nh2 Bd7) 44. Kxf3 $15 {[%mdl 4096] Endgame KBN-KBN} Kd7 45. Ke3 Nf7 (45... Bf7 $14) 46. Bd1 $16 Ne5 47. Be2 ({White must play} 47. Nxe6 $16 Kxe6 48. Be2) 47... Bf7 $11 48. Nd5 Kd6 49. Kd4 Be6 50. Nxb6 Nc6+ 51. Ke3 Kc5 52. Nd5 Ne5 $1 53. Nf4 Bd7 54. Bd1 Ng4+ 55. Ke2 Ne5 56. Kd2 Bc8 57. Be2 Bd7 58. Bd1 Bc8 59. b3 Bd7 60. Ng2 (60. Ke3 $11) 60... Be8 (60... cxb3 $17 61. Bxb3 Nc4+ 62. Kc2 Nd6) 61. Ne3 {The position is equal.} cxb3 62. Bxb3 Bxh5 63. Nf5 $1 Bg6 64. Nxg7 Bxe4 65. Ne6+ Kd6 66. Nd4 Nd7 67. Bc4 Nc5 68. Bb5 Ke5 69. Ke3 {Precision: White = 57%, Black = 52%.} 1/2-1/2

[Event "Asian Nation Cup Women 2018"]
[Site "Hamedan"]
[Date "2018.07.29"]
[Round "2"]
[White "Lei, Tingjie"]
[Black "Harika, Dronavalli"]
[Result "1/2-1/2"]
[WhiteElo "2473"]
[BlackElo "2494"]
[Annotator "RC"]
[PlyCount "31"]
[EventDate "2018.07.27"]
[EventType "swiss"]
[EventCountry "IRI"]
[SourceTitle "playchess.com"]
[Source "ChessBase"]
[SourceQuality "1"]
[WhiteTeam "China"]
[BlackTeam "India"]
[WhiteTeamCountry "CHN"]
[BlackTeamCountry "IND"]
[TimeControl "40/5400+30:1800+30"]

1. d4 d5 2. c4 e6 3. Nc3 a6 4. e3 {[%emt 0:04:45]} Nf6 {[%emt 0:01:21]} 5. Nf3 {[%emt 0:00:04]} b6 {[%emt 0:01:53]} 6. b3 {[%emt 0:06:16]} Bb7 {[%emt 0:03:45]} 7. Bb2 {[%emt 0:01:40]} Bd6 {[%emt 0:00:29]} 8. Bd3 {[%emt 0:06:43]} O-O {[%emt 0:03:36]} 9. Qe2 {[%emt 0:06:20]} Nbd7 {[%emt 0:02:07]} 10. O-O {[%emt 0:00:27]} Ne4 {[%emt 0:05:01]} 11. Rfd1 {[%emt 0:10:42]} Qe7 {[%emt 0:05:19]} 12. Rac1 {[%emt 0:03:40]} f5 {[%emt 0:04:42]} 13. Bb1 {[%emt 0:08:10]} Rac8 {[%emt 0:07:11]} 14. Bd3 {[%emt 0:05:27]} Ra8 {[%emt 0:00:09]} 15. Bb1 {[%emt 0:00:45]} Rac8 {[%emt 0:00:10]} 16. Bd3 {[%emt 0:00:40]} 1/2-1/2

[Event "Asian Nation Cup Women 2018"]
[Site "Hamedan"]
[Date "2018.07.29"]
[Round "2"]
[White "Hoang, Thi Bao Tram"]
[Black "Saduakassova, Dinara"]
[Result "1/2-1/2"]
[WhiteElo "2364"]
[BlackElo "2489"]
[Annotator "TA"]
[PlyCount "150"]
[EventDate "2018.07.27"]
[EventType "swiss"]
[EventCountry "IRI"]
[SourceTitle "playchess.com"]
[Source "ChessBase"]
[SourceQuality "1"]
[WhiteTeam "Iran"]
[BlackTeam "Uzbekistan"]
[WhiteTeamCountry "IRI"]
[BlackTeamCountry "UZB"]

{[%evp 13,150,-4,6,-45,-2,-23,-24,-12,-14,-31,0,-10,1,-49,-49,-48,-49,-67,-50,-72,-50,-61,-52,-97,-81,-77,-67,-65,-76,-91,-67,-85,-52,-69,-72,-100,-86,-93,-72,-72,-71,-79,-38,-41,-34,-34,-34,-61,-34,-35,-35,-78,-73,-97,-97,-125,-104,-104,-95,-95,-90,-110,-85,-95,-103,-91,-80,-68,-67,-90,-54,-66,-68,-81,-85,-73,-30,-22,-22,-22,-22,-33,-25,-43,-39,-78,-8,-10,-8,-13,-17,-40,-33,-44,-13,-25,0,0,0,0,0,-22,-13,-8,-8,-11,-22,-23,-8,-51,-48,-50,-8,-54,-45,-68,-43,-76,-54,-67,-10,-27,-38,-42,0,0,0,0,0,0,0,-8,0,0,0,0,0,0,0]} 1. d4 Nf6 2. c4 e6 3. Nc3 Bb4 4. e3 O-O 5. Nge2 c6 (5... d5 6. a3 Be7 7. cxd5 exd5 8. Nf4 c6 9. Bd3 Na6 10. O-O Nc7 11. f3 Re8 12. Bd2 Bf8 13. Qe1 g6 14. g4 c5 15. Qf2 b6 16. h4 Bd6 17. Nce2 {0-1 (54) Caruana,F (2816)-Karjakin,S (2782) Leuven 2018}) 6. a3 {E46: Nimzo-Indian: Rubinstein: 4 e3 0-0 5 Ne2 without early Bd3} Ba5 7. Qc2 d5 {LiveBook: 47 Games} 8. g3 $146 ({White should play} 8. Ng3 $11) ({Predecessor:} 8. Ng3 Nbd7 9. Be2 dxc4 10. Bxc4 e5 11. O-O Bc7 12. Ba2 Re8 13. Rd1 exd4 14. Rxd4 {1-0 (32) Mchedlishvili,M (2609)-Berkes,F (2640) Baku 2016}) 8... Nbd7 {[%cal Bb8d7,Bd7f8,Bf8g6][%mdl 32]} 9. cxd5 exd5 10. Bg2 Re8 11. O-O Nf8 12. b4 Bb6 13. Nf4 Ng6 14. Nce2 Ne4 15. Bb2 Nd6 16. Rfe1 Bf5 17. Qb3 Be4 18. Rad1 Bxg2 19. Kxg2 Qg5 20. Nxg6 hxg6 21. Bc1 Qf6 22. h4 Ne4 23. Nf4 Bc7 24. Qc2 Qf5 {And now ...Nxg3! would win.} 25. Qd3 Bxf4 (25... a6 {with more complications.} 26. a4 a5 27. f3 g5 28. hxg5 Nxg3 29. Qxf5 Nxf5 30. e4 dxe4 31. fxe4 Nh4+) 26. exf4 Nd6 27. Qxf5 Nxf5 (27... gxf5 {looks sharper.} 28. Rxe8+ Rxe8 29. Kf3 Re4 30. a4 Nc4) 28. Rxe8+ Rxe8 $17 {[%mdl 4096] Endgame KRB-KRN} 29. Kf3 Nd6 30. Be3 Kf8 31. Rc1 Ke7 32. Kg4 Kd7 33. Kf3 Ra8 34. Ke2 a5 35. Bd2 Re8+ 36. Kd3 Ne4 37. bxa5 Nxf2+ 38. Kc2 Ne4 39. Rb1 Nd6 40. Kd3 Kc7 41. Re1 Ne4 42. f5 gxf5 43. Bf4+ $1 {[#]} Kc8 $1 44. Rb1 Re6 45. a6 bxa6 46. Rb8+ Kd7 47. Rb7+ Ke8 48. Rb8+ Ke7 49. Ra8 c5 (49... Nf2+ $17 50. Kd2 Ne4+ 51. Kd3 c5 52. dxc5 Nxc5+ 53. Kd4 Ne4) 50. dxc5 $11 Nxc5+ 51. Kd4 Ne4 52. Kxd5 Nc3+ 53. Kc5 Na4+ 54. Kb4 Re4+ 55. Ka5 Nc5 56. Kb6 Nd3 57. Bc7 Re6+ 58. Ka5 Ne5 59. Bd8+ Kd7 {[#] Strongly threatening ...Nc6+.} 60. Bg5 Rc6 61. Bf4 Nc4+ 62. Kb4 Nb2 63. Bg5 f6 64. Be3 Nd3+ 65. Kb3 Ke6 66. h5 Kf7 (66... Kd5 $1 $15) 67. Ra7+ Kg8 68. h6 gxh6 69. Bxh6 {The position is equal.} Nc5+ 70. Kb4 Ne4 71. Bf4 Nc3 72. Ka5 Nd5 73. Rxa6 Rc5+ 74. Ka4 Nxf4 75. gxf4 {Kb4 is the strong threat.} Rc4+ {Precision: White = 48%, Black = 53%.} 1/2-1/2